MDQL
is popping MORE tags! Check the
thread
!
Quizzes
Events
Quiz Creation
Community
Videos
Private Events
Remove Ads
Sign In
Join for FREE
Feedback
Dark Mode
Quiz Categories
Sports
Geography
Music
Movies
Television
Just For Fun
Miscellaneous
History
Literature
Language
Science
Gaming
Entertainment
Religion
Holiday
For Kids
Quiz Lab
Recent
Popular Today
Quiz Kudos Today
Editor Picks
Curator Picks
Quizzes by...
Day
Popularity
Type
Ratings
Length
Year
Community
Subscriptions
Recent Discussions
Orange Saloon
Badges
Playlists
Quests
Create
Leaderboards
Showdown
Live 5
Trivia Bingo
Activity
Puzzle Library
Sporcle Events
Private Events
Virtual Trivia
Globe League
Become a Host
Pub Owners
SporcleCon
Opinionation
Our Games
Videos
Blog
Mobile Apps
Partnerships
Remove Ads and Go Orange
Feedback
Sports
Athletes
MLB
NBA
NHL
NFL
Soccer
Sports Teams
WWE
NCAA
Football
Premier League
Basketball
Baseball
Hockey
Golf
Tennis
Cricket
Rugby
Auto Racing
Olympics
World Cup
Sports
Athletes
MLB
NBA
NHL
NFL
Soccer
Sports Teams
WWE
NCAA
Football
Premier League
Basketball
Baseball
Hockey
Golf
Tennis
Cricket
Rugby
Auto Racing
Olympics
World Cup
Random Quiz
Search Sporcle
×
Quiz Lab
Quiz Lab
Sports
Baseball
Type in answers that appear in a list
Type in answers that appear in a list
Classic
Best Score? Go Orange.
MLB 8TH/9TH BATTERS-2009 Stats
Can you name the MLB Team by 8th or 9th Batters?
By
jaykin
6m
30 Questions
251 Plays
251 Plays
251 Plays
Comments
Comments
Give Quiz Kudos
Give Quiz Kudos
-
- Ratings
hide this ad
More Info
Forced Order
Answers have to be entered in order
Answers have to be entered in order
Random Order
Randomize order of answers
Randomize order of answers
Replay
Link that replays current quiz
Next Quiz
Link to next quiz in quiz playlist
You Got
0%
They Got
Avg Score
67%
Avg Friend Score
Upgrade to see
Score Distribution
Jump to the score distribution portion of the page
Score
0/30
Timer
06:00
0
Plays Today
Batter
Team
% Correct
Jack Wilson
Pittsburgh Pirates
87.3%
Clint Barmes
Colorado Rockies
85.3%
Dioner Navarro
Tampa Bay Rays
84.9%
Erick Aybar
Los Angeles Angels of Anaheim
82.9%
Nick Punto
Minnesota Twins
82.9%
Elvis Andrus
Texas Rangers
82.9%
Carlos Ruiz
Philadelphia Phillies
81.7%
Jason Kendall
Milwaukee Brewers
80.5%
Jose Molina
New York Yankees
80.5%
Cameron Maybin
Florida Marlins
80.1%
Casey Blake
Los Angeles Dodgers
79.7%
Kelly Shoppach
Cleveland Indians
74.5%
Jordan Schafer
Atlanta Braves
69.7%
Nick Green
Boston Red Sox
69.7%
Brendan Ryan
St Louis Cardinals
69.3%
Batter
Team
% Correct
Yuniesky Betancourt
Kansas City Royals
63.7%
Travis Snider
Toronto Blue Jays
61.4%
Koyie Hill
Chicago Cubs
61%
Anderson Hernandez
New York Mets
59%
Augie Ojeda
Arizona Diamondbacks
58.6%
Adam Everett
Detroit Tigers
58.6%
Cesar Izturis
Baltimore Orioles
58.2%
Emmanuel Burriss
San Francisco Giants
57.4%
Ryan Hanigan
Cincinnati Reds
56.2%
Jayson Nix
Chicago White Sox
54.2%
Humberto Quintero
Houston Astros
53.4%
Cliff Pennington
Oakland Athletics
53%
Ronny Cedeno
Seattle Mariners
49.4%
Wil Nieves
Washington Nationals
49%
Luis Rodriguez
San Diego Padres
41.4%
Quiz Playlist
Details
Report
Send in Message
Add To Playlist
More Info:
Player batted 8th(N.L.) or 9th(A.L.) most often in starting line-up. TEAM NAME ACCEPTABLE.
Classic:
Type in answers that appear in a list
Forced Order:
Answers have to be entered in order
Random Order:
Randomize order of answers
Last Updated: Feb 16, 2017
Quiz Scoreboard
CHALLENGE
Sign Up to Join the Scoreboard
Show All
Scores
Hide
Comments
May contain spoilers
Recently Published
Street Fighter Characters
by Artimus82
Gaming
60s
9x9 Crossword: Cartoon Network
by jackfrog10
Miscellaneous
3m
College Basketball Coaching Resumes
by pancakes188
Sports
9m
More to Explore
Quiz From the Vault
Featured Blog Post
Where Did the Easter Bunny Come From?
hide this ad
You Might Also Like...
Tags
Baseball Quiz
MLB Quiz
8th
9th
Batter
team
Today's Top Quizzes in Sports
Browse Sports
hide this ad
Today's Top Quizzes in Baseball
Browse Baseball
Top Contributed Quizzes in Sports
1
2022 World Cup Stars
2
Les meilleurs buteurs des matchs entre le PSG et l’OM
3
FIFA Club World Cup Champions
4
Les entraîneurs de l'OM et du PSG au 21e siècle
5
Criteria MLB: Left Handed Sluggers
6
2023 MLB Unique Player Accomplishments
7
AFC Teams Reveal (Wrong Answers Minefield)
8
Players with Multiple 50 Home Run Seasons
9
5-to-1: FBS Animal Nicknames
10
5-to-1: UK Sports Teams
Explore More
Trending Topics
NBA
Harry Potter
Kpop
Marvel
Crossword
Disney
Anime
Song
WWE
Pokémon
Country
The Office
Soccer
Puzzle
NFL
hide this ad
More By:
jaykin
Quiz
Plays
Rating
Category
Featured
Created
MLB HOF Longest Wait
2,916
4.57
Sports
Jan 29, 2011
MLB 8TH/9TH BATTERS-2009
251
3.20
Sports
Jan 12, 2010
Four decade players
183
4.67
Sports
Dec 27, 2009
Go to Creator's Profile
Score Distribution
Quiz Creator Spotlight
jaykin
Follow
Send a Message
Quizzes Created
-
Created Quiz Play Count
-
More By This Creator
Popular Quizzes Today
1
Find the US States - No Outlines Minefield
2
Find the Countries of Europe - No Outlines Minefield
3
The Countries of the World
4
Find the US States
5
Risky Map Clicking: Biggest States A-Z
6
US States
7
Popular People in 1961
8
Movies - When Are They Set?
More Sports Quizzes
NFL MVP Voting (2008)
Quiz Lab
Trending Quizzes
Risky Map Clicking: Least Populous States A-Z
Billboard Blitz: Aretha Franklin
Famous Russians: Author or Composer?
1-10 Letter G Words
Countries of the World: 200 Million BC
Recently Updated
Leaping Animals
pecheneg
Reality TV Shows (A-Z)
bhenderson79
Rickey Henderson's Hall of Fame Teammates
pecheneg
Champions League XIs: Arsenal
pecheneg
Quick Pick: Celebrities in WWE's Hall of Fame
aduchscher
A-Z Keypad Blitz II
pecheneg
Multiple Oscar Actors
pecheneg
Mystery Phrase Blitz: Oscar 'Best Actors'
pecheneg
F. Scott Fitzgerald Novels
LTH
Pick 3 Villains
ddd62291
Trending Topics
Harry Potter
Disney
NBA
Kpop
Marvel
Anime
Crossword
Soccer
NFL
WWE
Song
The Office
Country
Pokémon
Puzzle
Your Account Isn't Verified!
In order to create a playlist on Sporcle, you need to verify the email address you used during registration. Go to your
Sporcle Settings
to finish the process.
Report this User
Report this user for behavior that violates our
Community Guidelines
.
Details:
Send Report
Go to the Sporcle.com Mobile Site →
Comments